Les Aventures de Tintin - L'Oreille cassée - Statistiques

Statistiques générales
  • Ce quiz a été pris 609 fois
  • Le résultat moyen est 13 sur 18
Statistiques - réponses
Question Réponse % Correct
De quelle tribu vient le fétiche à l'oreille cassée ? Les Arumbayas
92%
Qui a tué monsieur Balthazar ? Rodrigo Tortilla
90%
À quelle adresse habite Tintin ? 26, rue du Labrador
89%
Quel est le jeu favori du Général Alcazar ? Les échecs
89%
Finalement, que contient le fétiche à l'oreille cassée ? Un diamant
89%
Comment se nomment les deux hommes à la recherche du fétiche ? Alonzo et Ramón
87%
Quelle est l'insulte favorite de son perroquet ? Grrrros plein d'soupe !
87%
Qu'a-t-on glissé dans la valise de Tintin pour le faire condamner ? Des bombes
77%
Quel poison recouvre les fléchettes de cette tribu ? Curare
75%
Comment se nomme l'explorateur britannique qui vit avec cette tribu ? Ridgewell
73%
Qui est à la tête du San Theodoros, au moment de cette histoire ? Général Alcazar
68%
Comment s'appelle la région à cheval sur ces deux pays, qui serait riche en pétrole ? Gran Chapo
60%
Comment se nomme le marchand d'armes qui équipe les deux pays précédents, en quelques heures ? Basil Bazaroff
55%
Quelle est la capitale du Nuevo Rico, pays voisin de ce dernier ? Sanfacion
55%
À bord de quel bateau Tintin embarque-t-il en destination du San Theodoros ? Le Ville-de-Lyon
53%
Comment s'appelle le colonel rétrogradé caporal, suite à la nomination de Tintin ? Diaz
47%
Quelle est la capitale du San Theodoros ? Las Dopicos
47%
Le long de quel fleuve la tribu amérindienne évoquée précédemment habite-t-elle ? Badurayal
31%
Aucun quiz correspondant
Distribution des résultats
% des personnes avec chaque résultat
Percentile par nombre de réponses
Votre historique - résultats
Vous n’avez pas pris ce quiz